000 00741nam a2200229Ia 4500
003 GCL
008 140319s9999 xx 000 0 ara d
040 _aGCL /
_cGCL
082 0 4 _a928.44
_bك ا
100 1 _aعبدالوهاب البياتى
245 1 0 _aاراجون: شاعر المقاومة /
_cعبدالوهاب البياتى
700 1 _aكولى, مالكولم
700 1 _aرودس، بيتر ك
700 1 _aاحمد مرسى
300 _a122ص
490 _aمجموعة المعارف الشعرية
_v0
650 0 4 _aالادب الفرنسى المترجم
650 0 4 _aالشعر الفرنسى المترجم
650 0 4 _aالشعراء الفرنسيون
650 0 4 _aاراجون
942 _2ddc
_cBK
999 _c47671
_d47671